All countries where fewer people live than in Moscow - Statistics

General Stats
  • This quiz has been taken 14 times
  • The average score is 103 of 122
Answer Stats
Continent Country % Correct
Europe Andorra
100%
N.America Antigua and Barbuda
100%
N.America Bahamas
100%
N.America Belize
100%
Africa Benin
100%
Africa Cape Verde
100%
N.America Dominica
100%
Africa Equatorial Guinea
100%
Europe Estonia
100%
Africa Eswatini
100%
Oceania Fiji
100%
Europe Finland
100%
N.America Grenada
100%
S.America Guyana
100%
Europe Iceland
100%
Europe Latvia
100%
Africa Lesotho
100%
Europe Liechtenstein
100%
Europe Luxemburg
100%
Asia Maldives
100%
Oceania Marshall Islands
100%
Africa Mauritius
100%
Oceania Micronesia
100%
Oceania Nauru
100%
Europe Norway
100%
Oceania Palau
100%
N.America Saint Kitts and Nevis
100%
N.America Saint Lucia
100%
N.America Saint Vincent and the Grenadines
100%
Oceania Samoa
100%
Europe San Marino
100%
Africa Seychelles
100%
Oceania Solomon Islands
100%
S.America Suriname
100%
Europe Sweden
100%
Oceania Tuvalu
100%
Oceania Vanuatu
100%
Europe Vatican
100%
Europe Albania
90%
Asia Bahrain
90%
N.America Barbados
90%
Europe Bosnia
90%
Asia Brunei
90%
Africa Burundi
90%
Africa Comoros
90%
N.America Cuba
90%
Europe Denmark
90%
Africa Djibouti
90%
N.America Dominican Republic
90%
Africa Gambia
90%
Africa Guinea
90%
Africa Guinea-Bissau
90%
N.America Haiti
90%
Asia Israel
90%
N.America Jamaica
90%
Oceania Kiribati
90%
Europe Lithuania
90%
Europe Macedonia/North Macedonia
90%
Europe Malta
90%
Europe Moldova
90%
Europe Monaco
90%
Europe Montenegro
90%
Oceania New Zeeland
90%
Oceania Papua New Guinea
90%
Asia Qatar
90%
Africa Sao Tome and Principe
90%
Europe Serbia
90%
Europe Slovakia
90%
Europe Slovenia
90%
Europe Switzerland
90%
Africa Togo
90%
Oceania Tonga
90%
S.America Trinidad and Tobago
90%
S.America Uruguay
90%
Asia Armenia
80%
Asia Azerbaijan
80%
Europe Belarus
80%
Europe Belgium
80%
Asia Bhutan
80%
Africa CAR
80%
N.America Costa Rica
80%
Europe Croatia
80%
Europe Cyprus
80%
Europe Czechia
80%
Africa Eritrea
80%
N.America Honduras
80%
Asia Laos
80%
Asia Lebanon
80%
N.America Nicaragua
80%
Asia Oman
80%
S.America Paraguay
80%
Europe Portugal
80%
Asia Singapore
80%
Asia Tajikistan
80%
Asia Timor Leste/East Timor
80%
Asia Turkmenistan
80%
Asia UAE
80%
Europe Austria
70%
Africa Botswana
70%
Europe Bulgaria
70%
Africa Gabon
70%
Asia Georgia
70%
Europe Greece
70%
Europe Hungary
70%
Europe Ireland
70%
Asia Jordan
70%
Asia Kuwait
70%
Asia Kyrgyzstan
70%
Africa Mauritania
70%
Africa Namibia
70%
N.America Panama
70%
Africa Tunisia
70%
S.America Bolivia
60%
Africa Liberia
60%
Africa Libya
60%
Africa Sierra Leone
60%
Africa South Sudan
60%
Asia Mongolia
50%
Africa Congo
30%
N,America Salvador
10%
Asia Hong Kong
0%
Asia Macau
0%
No matching quizzes found
Score Distribution
Percent of People with Each Score
Percentile by Number Answered
Your Score History
You have not taken this quiz